| 000 | 005850000a22001810004500 | ||
|---|---|---|---|
| 003 | MACL | ||
| 005 | 20160309140500.0 | ||
| 008 | 160309b xxu||||| |||| 00| 0 eng d | ||
| 040 |
_aMACL _cMACL |
||
| 041 | _aHindi | ||
| 082 | _a891.433 | ||
| 100 |
_aव्यौहार राजेन्द्र सिंह _944128 |
||
| 245 | _aबदलता युग क्रान्ति दल | ||
| 260 |
_bराष्ट्रीय प्रकाशन मंदिर _c1973 _aभोपाल |
||
| 350 | _a7 | ||
| 650 |
_aNovel _944129 |
||
| 942 |
_cHIN _k891.433 _2ddc |
||
| 999 |
_c26547 _d26547 |
||